Introduction to insect biology and diversity / (Record no. 4015)
[ view plain ]
| 000 -LEADER | |
|---|---|
| fixed length control field | 01315cam a2200313 a 4500 |
| 001 - CONTROL NUMBER | |
| control field | 2125488 |
| 003 - CONTROL NUMBER IDENTIFIER | |
| control field | OSt |
| 005 - DATE AND TIME OF LATEST TRANSACTION | |
| control field | 20210915100019.0 |
| 008 - FIXED-LENGTH DATA ELEMENTS--GENERAL INFORMATION | |
| fixed length control field | 970624s1998 enkaf b 001 0 eng |
| 010 ## - LIBRARY OF CONGRESS CONTROL NUMBER | |
| LC control number | 97027059 |
| 020 ## - INTERNATIONAL STANDARD BOOK NUMBER | |
| International Standard Book Number | 0195100336 (cloth) |
| 040 ## - CATALOGING SOURCE | |
| Transcribing agency | HU |
| 050 00 - LIBRARY OF CONGRESS CALL NUMBER | |
| Classification number | QL463 |
| Item number | .D34 1998 |
| 082 00 - DEWEY DECIMAL CLASSIFICATION NUMBER | |
| Classification number | 595.7DAL |
| Edition number | 2nd |
| 100 1# - MAIN ENTRY--PERSONAL NAME | |
| Personal name | Daly, Howell V. |
| 9 (RLIN) | 3824 |
| 245 10 - TITLE STATEMENT | |
| Title | Introduction to insect biology and diversity / |
| Statement of responsibility, etc. | Howell V. Daly, John T. Doyen, Alexander H. Purcell III ; illustrations by Barbara Boole Daly ; featuring photographs by Edward S. Ross. |
| 250 ## - EDITION STATEMENT | |
| Edition statement | 2nd ed. |
| 260 ## - PUBLICATION, DISTRIBUTION, ETC. | |
| Place of publication, distribution, etc. | Oxford ; |
| -- | New York : |
| Name of publisher, distributor, etc. | Oxford University Press, |
| Date of publication, distribution, etc. | c1998. |
| 300 ## - PHYSICAL DESCRIPTION | |
| Extent | viii, 680 p., [8] p. of plates : |
| Other physical details | ill. (some col.) ; |
| Dimensions | 25 cm. |
| 504 ## - BIBLIOGRAPHY, ETC. NOTE | |
| Bibliography, etc. note | Includes bibliographical references (p. 631-663) and index. |
| 650 #0 - SUBJECT ADDED ENTRY--TOPICAL TERM | |
| Topical term or geographic name entry element | Entomology. |
| 9 (RLIN) | 3675 |
| 700 1# - ADDED ENTRY--PERSONAL NAME | |
| Personal name | Doyen, John T. |
| 9 (RLIN) | 3825 |
| 700 1# - ADDED ENTRY--PERSONAL NAME | |
| Personal name | Purcell, Alexander H. |
| 9 (RLIN) | 3826 |
| 856 42 - ELECTRONIC LOCATION AND ACCESS | |
| Materials specified | Publisher description |
| Uniform Resource Identifier | <a href="http://www.loc.gov/catdir/enhancements/fy0603/97027059-d.html">http://www.loc.gov/catdir/enhancements/fy0603/97027059-d.html</a> |
| 856 41 - ELECTRONIC LOCATION AND ACCESS | |
| Materials specified | Table of contents only |
| Uniform Resource Identifier | <a href="http://www.loc.gov/catdir/enhancements/fy0603/97027059-t.html">http://www.loc.gov/catdir/enhancements/fy0603/97027059-t.html</a> |
| 906 ## - LOCAL DATA ELEMENT F, LDF (RLIN) | |
| a | 7 |
| b | cbu |
| c | orignew |
| d | 1 |
| e | ocip |
| f | 19 |
| g | y-gencatlg |
| 942 ## - ADDED ENTRY ELEMENTS (KOHA) | |
| Source of classification or shelving scheme | Dewey Decimal Classification |
| Koha item type | Books like text book referance book |
| Suppress in OPAC | No |
| Withdrawn status | Lost status | Source of classification or shelving scheme | Damaged status | Not for loan | Home library | Current library | Shelving location | Date acquired | Total Checkouts | Full call number | Barcode | Date last seen | Copy number | Price effective from | Koha item type |
|---|---|---|---|---|---|---|---|---|---|---|---|---|---|---|---|
| Dewey Decimal Classification | Natural & Computational Science Library | Natural & Computational Science Library | General Stacks | 09/15/2021 | 595.7/DAL | NSCLIB00007567 | 09/15/2021 | 1 | 09/15/2021 | Books like text book referance book |